Movies Quiz

Random Movies or Famous Quiz
Score 0/20 Timer 06:00
5 Plays Today
% Correct
Buzz Lightyear,
Toy Story
96.9%
The Joker, The Dark Knight
95.1%
Gimli, The Lord of the Rings:
The Return of the King
92.8%
Don Vito Corleone,
The Godfather
91.2%
Rick Blaine, Casablanca
88.2%
Hermione Granger,
Harry Potter and the Sorcerer's Stone
87.1%
Ratso Rizzo, Midnight Cowboy
80.2%
Effie Trinket, The Hunger Games
79.9%
William Wallace, Braveheart
76.7%
Travis Bickle, Taxi Driver
76.7%
% Correct
Henry Hill, Goodfellas
76.4%
Gretchen Wieners, Mean Girls
75.8%
The Narrator, Fight Club
73.7%
Joanna Kramer,
Kramer vs. Kramer
72.8%
Anton Chigurh,
No Country for Old Men
68.4%
Elle Woods, Legally Blonde
67%
Grusinskaya, Grand Hotel
62.3%
Eliza Doolittle,
My Fair Lady
58.4%
Oliver Barrett IV, Love Story
54.2%
Evey Hammond, V for Vendetta
29.3%
Remove Ads.
Support Sporcle.
Get the best of Sporcle when you Go Orange. This ad-free experience offers more features, more stats, and more fun while also helping to support Sporcle. Thank you for becoming a member.

You're not logged in!

Compare scores with friends on all Sporcle quizzes.
OR
Log In

Show Comments

Extras

Top Quizzes Today


Score Distribution

Your Account Isn't Verified!

In order to create a playlist on Sporcle, you need to verify the email address you used during registration. Go to your Sporcle Settings to finish the process.

Report this User

Report this user for behavior that violates our Community Guidelines.

Details: